Historia de el Desidio Literario que mutuamente tuvieron el R.P. Armando Juan Boutilher de Rancé, Abad de la Trapa ...

Detalles Bibliográficos
Formato: Libro
Publicado: s.l. s.d.
Materias:
Colección:Banco de datos
Acervo:Biblioteca Nacional de Antropología e Historia. Fondo Conventual
Tema general:Literatura
Notas:Regular. XXXV.12. La portada no tiene los datos del pie de imprenta. Encuadernado con: Descripció de la Abadía de la Trapa, de Andrés Felibien.
LEADER 00791nam a22001810004500
035 |a 3225 
036 |a 700 
245 1 0 |a Historia de el Desidio Literario que mutuamente tuvieron el R.P. Armando Juan Boutilher de Rancé, Abad de la Trapa ... 
260 |a s.l.  |b s.i.  |c s.d. 
500 |a Regular. XXXV.12. La portada no tiene los datos del pie de imprenta. Encuadernado con: Descripció de la Abadía de la Trapa, de Andrés Felibien. 
650 1 0 |a Literatura 
949 |a B.N.A.H. 
959 |a Biblioteca Nacional de Antropología e Historia. Ciudad de México  |b CCC1 
960 |a Convento Grande de San Francisco de la ciudad de México  |b DD32 
961 |a Franciscana  |b OF 
942 |c B.N.A.H. 
943 |g Biblioteca Nacional de Antropología e Historia. Fondo Conventual 
999 |c 1027757  |d 1027757